01477nam a22003857a 4500003000500000005001700005008004100022010001000063011001000073035001000083040000900093090001000102100004200112245008900154260004000243300002000283500001800303502006600321590003700387590004100424590004100465590004100506590004100547590004100588590004200629650003500671650001500706901000700721942000900728949003600737949004100773999001700814952013200831952012800963CHAP20220817042257.0971013s1978 r 00010 d a39394 a40366 a44491 cCHAP aTesis00aFierros González, Aurelio M.940785 aEnsayos de la introducción del género Eucalyptus en algunas regiones de México aChapingo, Méx. :bEl autor,c1978 a280 h.b: mapas a1c. en bodega aTesis (Ing. Agrónomo Esp. en Bosques) S-- Depto. de Bosques aALEPHb10c20130110lUCH01h1307 aBATCH-UPDb10c20130110lUCH01h0151 aBATCH-UPDb10c20130110lUCH01h1801 aBATCH-UPDb10c20130409lUCH01h2152 aBATCH-UPDb10c20130410lUCH01h1137 aBATCH-UPDb10c20130914lUCH01h1333 aCONVERSIONb10c20130109lUCH01h132214aÁrbolesxIntroduccion.9661114aEucalipto. aBK cFOLL bBCcTESd-101880eTS1i44491si bBCcTESd-101881eTS2fc.2i44491si c39394d39394 00102local4053708TESISaBCbBCcPA_TESISd2012-12-17fFOLLl0oTesisp-101881r2019-12-31 00:00:00tc.2w2019-12-31yTESIS 00102local4051708TESISaBCbBCcPA_TESISd2012-12-17fTESISl0oTesisp-101880r2019-12-31 00:00:00w2019-12-31yTESIS